Stati degli Stati Uniti per punto più elevato - Statistics

Statistiche generali
  • Questo quiz è stato fatto 13 volte
  • Il punteggio medio è 8 su 10
Statistiche sulle risposte
Altitudine (m) Punto più elevato Stato federale % Corretto
4 401 Monte Elbert Colorado
100%
6 190 Denali Alaska
89%
4 207 Mauna Kea Hawaii
89%
3 903 Granite Peak Montana
89%
4 007 Boundary Peak Nevada
89%
4 421 Monte Whitney California
67%
4 125 Kings Peak Utah
67%
4 394 Monte Rainier Washington
67%
4 209 Gannett Peak Wyoming
67%
4 013 Wheeler Peak Nuovo Messico
56%
Nessun quiz corrispondente trovato
Distribuzione punteggi
Percentuale di utenti per punteggio
Percentile per numero di risposta
I tuoi punteggi nel tempo
Non hai fatto questo quiz